000 00546nam a2200181Ia 4500
003 GCL
008 140319s9999 xx 000 0 ara d
040 _aGCL /
_cGCL
082 0 4 _aق
_b916.210
_bا ب
100 1 _aاحمد محمد قاسم
245 1 0 _aالبرلس بين الامس واليوم /
_cاحمد محمد قاسم
300 _a302 ص
490 _aالمكتبة التاريخية
_v0
650 0 4 _aبحيرة البرلس
650 0 4 _aالصيد, قوانين وتشريعات
650 0 4 _aبلطيم
942 _2ddc
_cBK
999 _c38504
_d38504